[Event "XIII Open"]
[Site "Crema ITA"]
[Date "2011.09.02"]
[Round "2"]
[White "Rambaldi, Francesco"]
[Black "Guzzetti, Luigi Enrico"]
[Result "1-0"]
[WhiteElo "2176"]
[BlackElo "1955"]
[PlyCount "141"]
[EventDate "2011.09.02"]

1. c4 Nf6 2. d4 g6 3. Nc3 Bg7 4. e4 d6 5. Be2 O-O 6. Bg5 c6 7. Qd2 Nbd7 8. Nf3
Qc7 9. O-O a6 10. Rac1 b6 11. Rfd1 Re8 12. h3 Bb7 13. d5 Nc5 14. Qc2 a5 15. Nd4
Rac8 16. Bf3 cxd5 17. cxd5 Qb8 18. Qb1 Nfd7 19. b3 h6 20. Be3 Ne5 21. Be2 Ba6
22. Bxa6 Nxa6 23. a3 Qb7 24. Qa2 Nc7 25. Qd2 Kh7 26. Qe2 Nd7 27. Qf3 Rf8 28. h4
b5 29. Nce2 Ne5 30. Qh3 h5 31. Nc6 Nxc6 32. Rxc6 Na8 33. Rdc1 Rxc6 34. Rxc6 b4
35. a4 f5 36. Bd4 e5 37. Be3 Rc8 38. Rxd6 f4 39. Bd2 Rc2 40. Qd3 Rc5 41. Kf1
Qc7 42. Ra6 Nb6 43. Ng1 Nd7 44. Nf3 Bf6 45. Re6 Kg7 46. Qa6 Qd8 47. Rd6 Qc7 48.
Rc6 Qd8 49. Ng5 Rxc6 50. dxc6 Bxg5 51. Qb7 Bxh4 52. cxd7 Bf6 53. Qd5 Kf8 54.
Qd6+ Kf7 55. Bc1 Qe7 56. Qd5+ Kf8 57. Bb2 Qd8 58. Qd6+ Kf7 59. Ke2 g5 60. Bxe5
Bxe5 61. Qxe5 Qxd7 62. Qxg5 Qc7 63. Qxh5+ Ke7 64. Qg5+ Kf7 65. Qd5+ Kf6 66.
Qf5+ Kg7 67. Qg5+ Kf7 68. Qd5+ Kf6 69. Kf3 Kg7 70. Qg5+ Kh7 71. Qxf4 1-0

[Event "XIII Open"]
[Site "Crema ITA"]
[Date "2011.09.02"]
[Round "2"]
[White "Ranfagni, Stefano"]
[Black "Mansueti, Marco"]
[Result "1-0"]
[WhiteElo "2002"]
[BlackElo "1856"]
[PlyCount "71"]
[EventDate "2011.09.02"]

1. e4 c6 2. c4 e5 3. Nc3 Nf6 4. Nf3 d6 5. d4 Nbd7 6. Bg5 Be7 7. Be2 O-O 8. O-O
h6 9. Bh4 Ne8 10. Bg3 Bf6 11. Qd2 Nc7 12. Rfd1 Qe7 13. Rac1 g5 14. h3 Rd8 15.
b4 b6 16. b5 Bb7 17. bxc6 Bxc6 18. Nd5 Bxd5 19. cxd5 Rac8 20. dxe5 Bxe5 21.
Nxe5 Nxe5 22. Bxe5 Qxe5 23. Bg4 Qxe4 24. Bxc8 Rxc8 25. Re1 Qf5 26. Re7 Nxd5 27.
Rxc8+ Qxc8 28. Qxd5 Qc1+ 29. Kh2 Qf4+ 30. g3 Qxf2+ 31. Qg2 Qc5 32. Rxa7 b5 33.
Ra8+ Kg7 34. Qd2 Kf6 35. Rh8 Kg7 36. Rd8 1-0

[Event "XIII Open"]
[Site "Crema ITA"]
[Date "2011.09.02"]
[Round "2"]
[White "Regorda, Vittorio"]
[Black "Frugoni, Giulio"]
[Result "1-0"]
[WhiteElo "1838"]
[BlackElo "1679"]
[PlyCount "115"]
[EventDate "2011.09.02"]

1. d4 Nf6 2. c4 e6 3. Nf3 d5 4. g3 c5 5. cxd5 exd5 6. Bg2 Nc6 7. O-O cxd4 8.
Nxd4 Bc5 9. Nxc6 bxc6 10. Qc2 Qb6 11. Nc3 Be7 12. Na4 Qc7 13. Bg5 Be6 14. Rac1
Rc8 15. Nc5 O-O 16. Nxe6 fxe6 17. Bh3 Qd7 18. Qd3 Ne4 19. Bxe7 Qxe7 20. f3 Ng5
21. Bg4 Rc7 22. h4 Nf7 23. Qa6 Ne5 24. Bh3 Qd6 25. Kg2 Nc4 26. Rxc4 dxc4 27.
Qxc4 Re7 28. e4 Kh8 29. Rf2 e5 30. Rc2 Qd1 31. Bg4 Rc7 32. Rf2 Qd4 33. Qe6 c5
34. h5 Rb7 35. b3 Rbf7 36. Bf5 Rf6 37. Qe7 a5 38. h6 R8f7 39. Qe8+ Rf8 40.
hxg7+ Kxg7 41. Qb5 Rh6 42. Qe2 Rd8 43. Rf1 Qd2 44. Rf2 Qxe2 45. Rxe2 Rhd6 46.
Kf2 Rd2 47. Be6 Rxe2+ 48. Kxe2 Rd4 49. a4 Kf6 50. Bc4 Kg5 51. Bd3 Rd6 52. Ke3
Rh6 53. Bc4 Rh2 54. f4+ exf4+ 55. gxf4+ Kf6 56. e5+ Ke7 57. f5 Rh4 58. f6+ 1-0

[Event "XIII Open"]
[Site "Crema ITA"]
[Date "2011.09.02"]
[Round "2"]
[White "Tirelli, Mauro"]
[Black "Bonazzi, Edoardo"]
[Result "0-1"]
[WhiteElo "1940"]
[BlackElo "2131"]
[PlyCount "80"]
[EventDate "2011.09.02"]

1. d4 Nf6 2. Bg5 e6 3. e3 Be7 4. Bxf6 Bxf6 5. Nf3 c5 6. c3 b6 7. Bd3 Bb7 8.
Nbd2 Nc6 9. Qc2 cxd4 10. exd4 Rc8 11. Ne4 Be7 12. Qe2 O-O 13. h4 h6 14. g4 f5
15. gxf5 exf5 16. Ng3 Bf6 17. Nxf5 Re8 18. Ne3 Bxd4 19. Rg1 Bxe3 20. fxe3 Ne5
21. Nxe5 Qxh4+ 22. Kd2 Rxe5 23. Rg4 Qe7 24. Rag1 g5 25. Qh2 Kg7 26. Rh4 Rc6 27.
Qh3 Rce6 28. Rg3 Be4 29. Bxe4 Rxe4 30. Rh5 Qd6+ 31. Ke2 Qe5 32. Rf3 Qb5+ 33.
Ke1 Qd3 34. Qf5 Rxe3+ 35. Kf2 Qxf5 36. Rxf5 Kg6 37. Rfxg5+ hxg5 38. Rh8 Re2+
39. Kf3 R6e3+ 40. Kg4 Rg2# 0-1

[Event "XIII Open"]
[Site "Crema ITA"]
[Date "2011.09.02"]
[Round "2"]
[White "Ventura, Franco"]
[Black "Pinna, Ferdinando"]
[Result "1/2-1/2"]
[WhiteElo "2098"]
[BlackElo "1903"]
[PlyCount "49"]
[EventDate "2011.09.02"]

1. Nf3 Nf6 2. c4 c5 3. g3 g6 4. Bg2 Bg7 5. O-O O-O 6. d4 cxd4 7. Nxd4 Nc6 8.
Nc3 Nxd4 9. Qxd4 d6 10. Qd2 Qc7 11. b3 Bd7 12. Bb2 Rfc8 13. Rac1 Rab8 14. Rfd1
Qa5 15. Ne4 Qxd2 16. Nxd2 Bg4 17. Nf3 Rc7 18. Bd4 b6 19. h3 Bf5 20. g4 Be4 21.
Be3 Nd7 22. Nd4 Bxd4 23. Bxd4 Bxg2 24. Kxg2 Rbc8 25. Be3 1/2-1/2

[Event "XIII Open"]
[Site "Crema ITA"]
[Date "2011.09.02"]
[Round "2"]
[White "Volpati, Antonio"]
[Black "Scarabelli, Maurizio"]
[Result "1/2-1/2"]
[WhiteElo "1670"]
[BlackElo "1817"]
[PlyCount "117"]
[EventDate "2011.09.02"]

1. e4 c5 2. Nf3 e6 3. c3 d5 4. exd5 Qxd5 5. Be2 Nc6 6. O-O Nf6 7. d3 Be7 8. Be3
O-O 9. Nbd2 Rd8 10. Qc2 b6 11. Nb3 Bb7 12. Rad1 Rac8 13. Qb1 a6 14. d4 c4 15.
Nbd2 b5 16. b3 Na5 17. b4 Nc6 18. Qc2 Nb8 19. a4 Nbd7 20. axb5 axb5 21. Ra1 Ra8
22. Ra5 Rxa5 23. bxa5 Ra8 24. Ra1 Bd8 25. Qb2 Rxa5 26. Rxa5 Bxa5 27. Qa3 Bc7
28. h3 h6 29. Bd1 Ne4 30. Bc2 Nxd2 31. Bxd2 e5 32. Qe7 e4 33. Qe8+ Nf8 34. Nh4
Bc6 35. Qc8 Bd6 36. Be3 Bd7 37. Qd8 Bxh3 38. g3 g5 39. Ng2 Kg7 40. Qe8 Ng6 41.
Bxe4 Qe6 42. Qxe6 Bxe6 43. Bc6 b4 44. cxb4 Bxb4 45. d5 Bf5 46. Bd4+ Kf8 47. Ne3
Bd3 48. Bb5 Ne7 49. Bxc4 Bxc4 50. Nxc4 Nxd5 51. Ne5 f6 52. Ng4 Kg7 53. Kg2 h5
54. Nh2 Kg6 55. Nf1 Nc7 56. Ne3 Ne6 57. Bxf6 Kxf6 58. Nd5+ Kf5 59. Nxb4 1/2-1/2

[Event "XIII Open"]
[Site "Crema ITA"]
[Date "2011.09.03"]
[Round "3"]
[White "Attuati, Stefano"]
[Black "Cervini, Ernesto"]
[Result "1-0"]
[WhiteElo "1977"]
[BlackElo "1776"]
[PlyCount "29"]
[EventDate "2011.09.02"]

1. e4 c5 2. Nf3 Nc6 3. d4 cxd4 4. Nxd4 e6 5. Nc3 g6 6. Be3 Bg7 7. Ndb5 Nge7 8.
Nd6+ Kf8 9. Qd2 Qa5 10. O-O-O Nb4 11. Kb1 Bxc3 12. Qxc3 Qxa2+ 13. Kc1 Rg8 14.
Bh6+ Rg7 15. Qxg7# 1-0

[Event "XIII Open"]
[Site "Crema ITA"]
[Date "2011.09.03"]
[Round "3"]
[White "Baccarin, Stefano"]
[Black "Raimondi, Celso"]
[Result "0-1"]
[WhiteElo "1770"]
[BlackElo "1651"]
[PlyCount "72"]
[EventDate "2011.09.02"]

1. e4 c5 2. Nc3 d6 3. g3 e6 4. Bg2 Nc6 5. f4 a6 6. Nf3 Qc7 7. O-O Nf6 8. d3 Be7
9. h3 O-O 10. Be3 Bd7 11. Qd2 Rac8 12. g4 b5 13. f5 b4 14. Ne2 d5 15. g5 Ne8
16. f6 gxf6 17. gxf6 Bxf6 18. Bh6 Bg7 19. Nh4 Ne7 20. Rf3 dxe4 21. Rg3 Ng6 22.
Nxg6 fxg6 23. Bxe4 Bc6 24. Rg4 Nf6 25. Bxg7 Nxg4 26. hxg4 Kxg7 27. Qe3 Qe5 28.
c3 a5 29. Kg2 Bxe4+ 30. dxe4 Rf7 31. Rh1 g5 32. Rh5 h6 33. Ng1 Rf4 34. Nf3
Rxg4+ 35. Kf1 Rf8 36. Ke2 Qxe4 0-1

[Event "XIII Open"]
[Site "Crema ITA"]
[Date "2011.09.03"]
[Round "3"]
[White "Baroni, Alessandro"]
[Black "Ventura, Franco"]
[Result "1-0"]
[WhiteElo "1918"]
[BlackElo "2098"]
[PlyCount "73"]
[EventDate "2011.09.02"]

1. e4 g6 2. d4 Bg7 3. Nc3 c5 4. dxc5 Bxc3+ 5. bxc3 Qa5 6. Qd4 Nf6 7. Bd2 Nc6 8.
Qc4 b6 9. cxb6 axb6 10. Bd3 Ba6 11. Qb3 O-O 12. Nf3 Ne5 13. Nxe5 Qxe5 14. Qxb6
Rfb8 15. Qd4 Qe6 16. f3 Bxd3 17. cxd3 Rxa2 18. c4 Rab2 19. Ra8 Rxa8 20. Qxb2 d5
21. cxd5 Nxd5 22. O-O Nf6 23. Qb7 Rd8 24. Bh6 Qe5 25. Qb6 Rb8 26. Qe3 Qb2 27.
Qd2 Qa3 28. Rc1 Qd6 29. Qc2 e5 30. Qc7 Qd4+ 31. Kh1 Rd8 32. Be3 Qxd3 33. h3 Kg7
34. Bg5 Qd6 35. Rc6 Qd1+ 36. Kh2 Ne8 37. Qxd8 1-0

[Event "XIII Open"]
[Site "Crema ITA"]
[Date "2011.09.03"]
[Round "3"]
[White "Biava, Pierluigi"]
[Black "Miracola, Giorgia"]
[Result "0-1"]
[WhiteElo "1698"]
[BlackElo "1763"]
[PlyCount "64"]
[EventDate "2011.09.02"]

1. f4 d5 2. Nf3 Nf6 3. d3 Bf5 4. c3 c6 5. Na3 e6 6. Nc2 Bd6 7. g3 O-O 8. Bg2
Nbd7 9. O-O Qb6+ 10. Kh1 Ng4 11. Qe1 Bc5 12. Nfd4 Bg6 13. b4 Bxd4 14. Nxd4 e5
15. fxe5 Ngxe5 16. Be3 Qd8 17. Nf3 Ng4 18. Bd4 Re8 19. Qd2 Qe7 20. Bh3 Ndf6 21.
Rae1 Ne3 22. Bc5 Nxf1 23. Bxf1 Qd7 24. Qf4 Qg4 25. h3 Qxf4 26. gxf4 Nh5 27. Kg2
Nxf4+ 28. Kg3 Ne6 29. Bg1 h6 30. a4 Ng5 31. Bg2 Nxf3 32. Bxf3 Bxd3 0-1

[Event "XIII Open"]
[Site "Crema ITA"]
[Date "2011.09.03"]
[Round "3"]
[White "Bonazzi, Edoardo"]
[Black "Brociner, Beniamino"]
[Result "1/2-1/2"]
[WhiteElo "2131"]
[BlackElo "1917"]
[PlyCount "76"]
[EventDate "2011.09.02"]

1. c4 Nf6 2. g3 e6 3. Bg2 d5 4. Nf3 Be7 5. O-O O-O 6. b3 c5 7. e3 b6 8. Bb2 Bb7
9. Nc3 Nbd7 10. d3 a6 11. Qe2 Qc7 12. Rac1 dxc4 13. bxc4 Rab8 14. Rfd1 Rfd8 15.
Ba1 Bc6 16. d4 Qb7 17. d5 exd5 18. cxd5 Nxd5 19. Nxd5 Bxd5 20. Rxd5 Qxd5 21.
Ne5 Qe6 22. Nc6 b5 23. Bd5 Qd6 24. Rd1 Kf8 25. Nxd8 Rxd8 26. Bxf7 Qb6 27. Qh5
Nf6 28. Rxd8+ Bxd8 29. Bxf6 Qxf6 30. Bd5 h6 31. e4 Bc7 32. Qg4 Ke7 33. Qc8 Qb6
34. Qg8 Qg6 35. Qc8 Qb6 36. Qg4 g5 37. Qf5 Qf6 38. Qc8 Qd6 1/2-1/2

[Event "XIII Open"]
[Site "Crema ITA"]
[Date "2011.09.03"]
[Round "3"]
[White "Corfiati, Paolo"]
[Black "Marchesotti, Giovanni"]
[Result "1/2-1/2"]
[WhiteElo "1732"]
[BlackElo "1599"]
[PlyCount "60"]
[EventDate "2011.09.02"]

1. d4 Nf6 2. Nf3 b6 3. c4 e6 4. g3 Bb7 5. Bg2 Bb4+ 6. Nc3 O-O 7. O-O Bxc3 8.
bxc3 d6 9. Bg5 h6 10. Bxf6 Qxf6 11. Qc2 g6 12. e4 Nd7 13. Rad1 Rad8 14. Rfe1 e5
15. Qa4 a6 16. Qc2 Qg7 17. Nh4 Nf6 18. Qe2 Bc8 19. Rf1 h5 20. h3 Rfe8 21. d5
Qh6 22. f4 exf4 23. Rxf4 g5 24. Nf5 Qg6 25. Rf2 Bxf5 26. exf5 Rxe2 27. fxg6
Rxf2 28. gxf7+ Kxf7 29. Kxf2 Re8 30. Rd4 Kg7 1/2-1/2

[Event "XIII Open"]
[Site "Crema ITA"]
[Date "2011.09.03"]
[Round "3"]
[White "Carbone, Lorenzo"]
[Black "Epitome, Nando"]
[Result "1/2-1/2"]
[WhiteElo "1759"]
[BlackElo "1622"]
[PlyCount "57"]
[EventDate "2011.09.02"]

1. e4 c5 2. Nf3 d6 3. d4 cxd4 4. Nxd4 Nf6 5. Nc3 a6 6. Be2 e6 7. Be3 Be7 8. O-O
O-O 9. f4 Qc7 10. Qe1 Nbd7 11. Nb3 b5 12. a3 Bb7 13. Bf3 Rac8 14. Kh1 Nc5 15.
Nxc5 dxc5 16. Qg3 b4 17. Ne2 Nxe4 18. Bxe4 Bxe4 19. axb4 Bxc2 20. bxc5 Bxc5 21.
Nd4 Bd3 22. Rfc1 Qb6 23. Qf2 Rfd8 24. Nf5 Bxf5 25. Bxc5 Qb5 26. b4 h6 27. Rc3
Rc6 28. Qh4 Rd2 29. Qe1 1/2-1/2

[Event "XIII Open"]
[Site "Crema ITA"]
[Date "2011.09.03"]
[Round "3"]
[White "Castrogiovanni, Carlo"]
[Black "Rambaldi, Francesco"]
[Result "1/2-1/2"]
[WhiteElo "2004"]
[BlackElo "2176"]
[PlyCount "39"]
[EventDate "2011.09.02"]

1. d4 d6 2. c4 e5 3. Nc3 exd4 4. Qxd4 Nc6 5. Qd1 g6 6. Nf3 Bg7 7. Bg5 f6 8. Bd2
Nge7 9. e4 f5 10. Bd3 O-O 11. O-O Ne5 12. Nxe5 Bxe5 13. Bg5 c6 14. exf5 Bxf5
15. Re1 Qd7 16. Bxf5 Rxf5 17. f4 Bf6 18. Ne4 Bxb2 19. Rb1 Bg7 20. Nf6+ 1/2-1/2

[Event "XIII Open"]
[Site "Crema ITA"]
[Date "2011.09.03"]
[Round "3"]
[White "Ciochetta, Giovanni"]
[Black "Coppola, Federico"]
[Result "0-1"]
[WhiteElo "1624"]
[BlackElo "1802"]
[PlyCount "50"]
[EventDate "2011.09.02"]

1. e4 c5 2. Nc3 Nc6 3. Bc4 g6 4. a3 Bg7 5. Nf3 d6 6. Ng5 Ne5 7. Ba2 h6 8. Nf3
Bg4 9. d3 Nf6 10. h3 Nxf3+ 11. gxf3 Bd7 12. Be3 b5 13. d4 cxd4 14. Bxd4 O-O 15.
Qd2 Qc7 16. O-O-O Qa5 17. Qd3 Rab8 18. Nd5 Nxd5 19. exd5 Bxd4 20. Qxd4 b4 21.
Rd3 Bf5 22. Rb3 Rfc8 23. c3 bxc3 24. Rxc3 Rxc3+ 25. Qxc3 Rc8 0-1

[Event "XIII Open"]
[Site "Crema ITA"]
[Date "2011.09.03"]
[Round "3"]
[White "De Palma, Fabrizio"]
[Black "Righini, Giovanni"]
[Result "0-1"]
[WhiteElo "2071"]
[BlackElo "1840"]
[PlyCount "82"]
[EventDate "2011.09.02"]

1. Nf3 b6 2. g3 Bb7 3. Bg2 Nf6 4. c4 e6 5. O-O Be7 6. b3 O-O 7. Bb2 d6 8. Nc3
Nbd7 9. d4 Re8 10. Qc2 a5 11. Rad1 d5 12. Ne5 c6 13. e4 Rc8 14. Qb1 Rc7 15.
Rfe1 Qa8 16. Nxd7 Nxd7 17. cxd5 cxd5 18. Nb5 Rcc8 19. Rc1 Rxc1 20. Rxc1 Rc8 21.
e5 Rxc1+ 22. Qxc1 Qc8 23. Qxc8+ Bxc8 24. Ba3 Bxa3 25. Nxa3 Ba6 26. Bf1 Bxf1 27.
Kxf1 Nb8 28. Nc2 Nc6 29. a3 g5 30. g4 Kg7 31. Ke2 f6 32. exf6+ Kxf6 33. Kd3 e5
34. f3 Nxd4 35. Nxd4 exd4 36. Kxd4 Ke6 37. b4 axb4 38. axb4 Kd6 39. f4 gxf4 40.
h4 Ke6 41. b5 Kf6 0-1

[Event "XIII Open"]
[Site "Crema ITA"]
[Date "2011.09.03"]
[Round "3"]
[White "De Paoli, Emilio"]
[Black "Agnelli, Francesco"]
[Result "0-1"]
[WhiteElo "1873"]
[BlackElo "2046"]
[PlyCount "62"]
[EventDate "2011.09.02"]

1. e4 c5 2. Nf3 Nc6 3. Bb5 e6 4. O-O Nge7 5. Re1 a6 6. Bf1 Qc7 7. c3 d5 8. d4
cxd4 9. cxd4 b5 10. Nc3 dxe4 11. Nxe4 Nd5 12. Nc3 Ncb4 13. a3 Nxc3 14. bxc3 Nd5
15. Bd2 Be7 16. a4 Rb8 17. axb5 axb5 18. c4 bxc4 19. Ba5 Qd6 20. Bxc4 O-O 21.
Qc1 Bb7 22. Ba2 Rfc8 23. Qd1 Bf6 24. Ne5 Nf4 25. f3 Ba8 26. Rb1 Qa3 27. Bd2
Bxe5 28. Rxe5 Qxa2 29. Ra1 Nh3+ 30. gxh3 Qb2 31. Rb1 Qxb1 0-1

[Event "XIII Open"]
[Site "Crema ITA"]
[Date "2011.09.03"]
[Round "3"]
[White "Distratis, Gianluca"]
[Black "Gagliardi, Christian"]
[Result "0-1"]
[WhiteElo "1948"]
[BlackElo "2253"]
[PlyCount "210"]
[EventDate "2011.09.02"]

1. e4 c5 2. c3 d5 3. exd5 Qxd5 4. d4 Nf6 5. Nf3 e6 6. Be2 Nc6 7. O-O cxd4 8.
cxd4 Be7 9. Nc3 Qd6 10. Be3 O-O 11. Qd2 a6 12. Rfd1 Nb4 13. Rac1 b5 14. a4 bxa4
15. Nxa4 Ne4 16. Qe1 a5 17. Nc5 Nf6 18. Ng5 Nfd5 19. Nge4 Qb6 20. Na4 Qd8 21.
Nd2 Rb8 22. Nc4 Bd7 23. Nc5 Bb5 24. Ne5 Be8 25. Bc4 Qd6 26. Qe2 Bf6 27. Ne4 Qd8
28. Nxf6+ Qxf6 29. Bxd5 Nxd5 30. Rc5 Qd8 31. Ra1 a4 32. Nc6 Bxc6 33. Rxc6 Rb4
34. Qc2 Qa8 35. h3 Rxb2 36. Qxa4 Rb1+ 37. Rc1 Rxc1+ 38. Bxc1 Qxa4 39. Rxa4 Rc8
40. Be3 h6 41. Ra7 Rc7 42. Ra8+ Kh7 43. Kh2 Kg6 44. Kg3 Rd7 45. Kf3 h5 46. Ke4
Nf6+ 47. Kf3 Rd5 48. Rc8 Nd7 49. Rc7 Nf6 50. Rc5 Kf5 51. Rc7 Rd7 52. Rc5+ Nd5
53. Rb5 Rc7 54. Ra5 Rc3 55. Ra7 Kg6 56. Ra5 f5 57. Rc5 Rb3 58. h4 f4 59. Rxd5
exd5 60. Kxf4 Kf6 61. g3 Rb1 62. Bd2 g6 63. Be3 Re1 64. g4 hxg4 65. Kxg4 Rg1+
66. Kf4 Rb1 67. Kg4 Rb7 68. Bg5+ Ke6 69. Be3 Kf7 70. h5 gxh5+ 71. Kxh5 Kf6 72.
Kg4 Rg7+ 73. Kf3 Rh7 74. Kg4 Rg7+ 75. Kf4 Rg8 76. Bd2 Re8 77. Be3 Re4+ 78. Kf3
Kf5 79. Ke2 Rh4 80. Kf3 Rh3+ 81. Ke2 Ke4 82. Kd2 Rf3 83. Ke2 Rf7 84. Kd2 Rc7
85. Ke2 Rc2+ 86. Ke1 Ra2 87. Kf1 Kd3 88. Kg2 Ke2 89. Kg3 Ra8 90. Kf4 Re8 91.
Kf5 Re4 92. Kf6 Kf3 93. Kf5 Re8 94. Kf6 Ke4 95. Kf7 Ra8 96. Ke6 Ra6+ 97. Kd7
Rg6 98. Ke7 Kf5 99. Kf7 Ra6 100. Kg7 Ra7+ 101. Kf8 Rd7 102. Bd2 Ke4 103. Ke8
Rc7 104. Be3 Rc3 105. Kd7 Rxe3 0-1

[Event "XIII Open"]
[Site "Crema ITA"]
[Date "2011.09.03"]
[Round "3"]
[White "Dragojlovic, Andjelko"]
[Black "Ranfagni, Stefano"]
[Result "1-0"]
[WhiteElo "2381"]
[BlackElo "2002"]
[PlyCount "53"]
[EventDate "2011.09.02"]

1. Nf3 d5 2. g3 e6 3. Bg2 f5 4. d3 Nf6 5. O-O Bd6 6. Nbd2 O-O 7. Re1 e5 8. e4
fxe4 9. dxe4 d4 10. Nc4 Bg4 11. h3 Bxf3 12. Qxf3 Nfd7 13. Qe2 Bc5 14. Rf1 Nc6
15. Kh2 b5 16. Nd2 a6 17. Nf3 Nb6 18. Nh4 d3 19. cxd3 Nb4 20. Nf5 Qxd3 21. Qg4
Rxf5 22. exf5 Rf8 23. a3 Nc2 24. Bh6 Qd7 25. Rac1 Rf6 26. Rxc2 Rxh6 27. Rxc5
1-0

[Event "XIII Open"]
[Site "Crema ITA"]
[Date "2011.09.03"]
[Round "3"]
[White "Falchi, Claudio"]
[Black "Tirelli, Mauro"]
[Result "0-1"]
[WhiteElo "1742"]
[BlackElo "1940"]
[PlyCount "30"]
[EventDate "2011.09.02"]

1. e4 Nc6 2. Nf3 Nf6 3. e5 Nd5 4. d4 d6 5. Bc4 Nb6 6. Bxf7+ Kxf7 7. Ng5+ Kg8 8.
e6 Qe8 9. Qf3 g6 10. c3 Nd8 11. d5 h6 12. Nh3 c6 13. Nf4 Nxd5 14. g4 Nxf4 15.
Bxf4 Bxe6 0-1

[Event "XIII Open"]
[Site "Crema ITA"]
[Date "2011.09.03"]
[Round "3"]
[White "Folcini, Gaddo"]
[Black "Adami, Antonio"]
[Result "0-1"]
[WhiteElo "1572"]
[BlackElo "1722"]
[PlyCount "58"]
[EventDate "2011.09.02"]

1. e4 c5 2. d4 cxd4 3. c3 dxc3 4. Nxc3 Nf6 5. Nf3 d6 6. Bc4 e6 7. O-O Be7 8.
Bf4 a6 9. Qe2 b5 10. Bb3 e5 11. Bg3 Nc6 12. Nd5 O-O 13. Rad1 Nxd5 14. Bxd5 Qb6
15. Rc1 Bb7 16. h4 Nb4 17. Bb3 a5 18. a3 Nc6 19. Ng5 Nd4 20. Qh5 Bxg5 21. Bxf7+
Rxf7 22. hxg5 Bxe4 23. Rc3 g6 24. Qd1 Raf8 25. Kh2 Nf5 26. f3 Nxg3 27. Kxg3 Qd8
28. Qd2 Rf4 29. fxe4 Qxg5+ 0-1

[Event "XIII Open"]
[Site "Crema ITA"]
[Date "2011.09.03"]
[Round "3"]
[White "Frugoni, Giulio"]
[Black "Maraschi, Alberto"]
[Result "0-1"]
[WhiteElo "1679"]
[BlackElo "1386"]
[PlyCount "68"]
[EventDate "2011.09.02"]

1. Nf3 c6 2. d4 d5 3. e3 Bf5 4. c4 Nf6 5. Nc3 e6 6. a3 Nbd7 7. b4 Ne4 8. Nxe4
Bxe4 9. cxd5 cxd5 10. Nd2 a5 11. Nxe4 dxe4 12. Bd2 axb4 13. axb4 Rxa1 14. Qxa1
Bd6 15. Bb5 O-O 16. O-O Nf6 17. h3 Nd5 18. Qb1 f5 19. Bc4 Qc7 20. Rc1 Qb8 21.
Qb2 Bh2+ 22. Kh1 Rd8 23. Be1 Bc7 24. Kg1 b5 25. Be2 g6 26. f4 Rd7 27. Bg3 Bd6
28. Rc6 Kf7 29. Kf2 Qb7 30. Rc1 Bxb4 31. Rb1 Rc7 32. Qxb4 Nxb4 33. Rxb4 Rc2 34.
Ke1 Qa6 0-1

[Event "XIII Open"]
[Site "Crema ITA"]
[Date "2011.09.03"]
[Round "3"]
[White "Gonella, Daniele"]
[Black "Mansueti, Marco"]
[Result "1-0"]
[WhiteElo "2103"]
[BlackElo "1856"]
[PlyCount "63"]
[EventDate "2011.09.02"]

1. e4 c6 2. d4 d5 3. Nc3 dxe4 4. Nxe4 e5 5. dxe5 Qa5+ 6. Nc3 Qxe5+ 7. Be2 Nf6
8. Nf3 Qc7 9. Bg5 Be7 10. O-O O-O 11. Bd3 Bg4 12. Re1 h6 13. Bh4 Bd6 14. h3
Bxf3 15. Qxf3 Nbd7 16. Ne4 Nxe4 17. Qxe4 g6 18. Bc4 Kg7 19. Rad1 Rae8 20. Qd4+
Ne5 21. f4 b6 22. Bf2 c5 23. Qc3 f6 24. fxe5 Bxe5 25. Qb3 Rd8 26. c3 Bg3 27.
Qc2 Qf4 28. Bxg3 Qxc4 29. Rxd8 Rxd8 30. Re7+ Kf8 31. Rxa7 f5 32. Qb3 1-0

[Event "XIII Open"]
[Site "Crema ITA"]
[Date "2011.09.03"]
[Round "3"]
[White "Guasconi, Lelio"]
[Black "Franco, Alessandro"]
[Result "1/2-1/2"]
[WhiteElo "1614"]
[BlackElo "1736"]
[PlyCount "127"]
[EventDate "2011.09.02"]

1. e4 e5 2. Bc4 Nf6 3. d3 Nc6 4. a3 a6 5. Nc3 Bc5 6. h3 O-O 7. Bg5 h6 8. Bh4
Be7 9. Nge2 Nd4 10. Nxd4 exd4 11. Ne2 c5 12. f4 d5 13. Bxf6 dxc4 14. Bxe7 Qxe7
15. O-O cxd3 16. cxd3 Bd7 17. f5 Qg5 18. Rf3 Kh7 19. Rg3 Qe7 20. Nf4 Qe5 21.
Qg4 Rg8 22. Qf3 b5 23. b3 Rac8 24. Rc1 a5 25. h4 Be8 26. Rh3 g6 27. fxg6+ fxg6
28. Nd5 Rc6 29. Rf1 Kg7 30. Rg3 Qd6 31. Qf2 Rf8 32. Nf4 Kh7 33. Rf3 Rc7 34. Nd5
Rxf3 35. Qxf3 Rc8 36. Nf6+ Kh8 37. Nxe8 Rxe8 38. Qf6+ Qxf6 39. Rxf6 Kg7 40. Ra6
c4 41. bxc4 bxc4 42. dxc4 Rxe4 43. Rxa5 d3 44. Rd5 Rxc4 45. Rxd3 Rxh4 46. Rd7+
Kf6 47. Ra7 Rf4 48. a4 Kg5 49. Ra5+ Kg4 50. Ra6 Kh5 51. a5 Kg5 52. Ra8 Kg4 53.
Ra6 Kg5 54. Ra8 h5 55. a6 h4 56. Kh2 Ra4 57. a7 Ra3 58. Kg1 Ra6 59. Kh2 Ra2 60.
Kg1 Kg4 61. Rg8 Rxa7 62. Rxg6+ Kf4 63. Rh6 Kg5 64. Rh8 1/2-1/2

[Event "XIII Open"]
[Site "Crema ITA"]
[Date "2011.09.03"]
[Round "3"]
[White "Guzzetti, Luigi Enrico"]
[Black "Agostinelli, Andrea"]
[Result "1-0"]
[WhiteElo "1955"]
[BlackElo "1688"]
[PlyCount "123"]
[EventDate "2011.09.02"]

1. e4 c5 2. Nf3 e6 3. d4 cxd4 4. Nxd4 Nf6 5. Nc3 Bb4 6. Bd3 Nc6 7. Be3 e5 8.
Nf5 O-O 9. O-O d5 10. Nxd5 Nxd5 11. exd5 Qxd5 12. Qg4 g6 13. Nh6+ Kh8 14. Qh4
Be7 15. Bg5 Qd8 16. Bxe7 Qxe7 17. Qg3 f5 18. h4 Kg7 19. Qg5 Qxg5 20. hxg5 e4
21. Bc4 Nd4 22. Rfd1 Ne6 23. Bxe6 Bxe6 24. Rd6 Rae8 25. b3 Bc8 26. Re1 Rd8 27.
Red1 Rxd6 28. Rxd6 Re8 29. c4 b6 30. Rc6 Be6 31. Rc7+ Kf8 32. Rxh7 Re7 33. Rh8+
Kg7 34. Rd8 f4 35. Kf1 f3 36. g3 Rd7 37. Rxd7+ Bxd7 38. Ke1 a5 39. Kd2 a4 40.
bxa4 Be6 41. Ke3 Bxc4 42. a3 Bd5 43. Ng4 Bc6 44. Nf6 Bxa4 45. Nxe4 Kf7 46. Kxf3
Ke6 47. Kf4 Be8 48. g4 Bc6 49. Nf6 Ba4 50. Ke4 Bc2+ 51. Kd4 b5 52. Nd5 Bd1 53.
Ne3 Be2 54. f4 Kf7 55. f5 gxf5 56. gxf5 Kg7 57. Ke5 Bd3 58. Nd5 Kf7 59. Nf4 Bc4
60. g6+ Ke7 61. f6+ Kf8 62. Ne6+ 1-0

[Event "XIII Open"]
[Site "Crema ITA"]
[Date "2011.09.03"]
[Round "3"]
[White "Ljubisavljevic, Zivojin Z."]
[Black "Moroni, Luca jr"]
[Result "1-0"]
[WhiteElo "2221"]
[BlackElo "1998"]
[PlyCount "73"]
[EventDate "2011.09.02"]

1. d4 d5 2. c3 Nf6 3. Bg5 e6 4. Nd2 Be7 5. Bxf6 Bxf6 6. e4 dxe4 7. Nxe4 Be7 8.
f4 c6 9. Nf3 Nd7 10. Bd3 Qc7 11. O-O O-O 12. Nfg5 g6 13. Rf3 Nf6 14. Qe2 Nxe4
15. Qxe4 c5 16. Rg3 Qc6 17. Qe2 Bxg5 18. Rxg5 cxd4 19. c4 Qc7 20. Rf1 b6 21. h4
f5 22. h5 Kg7 23. Qf2 e5 24. hxg6 h6 25. Rg3 e4 26. Qxd4+ Rf6 27. Be2 Be6 28.
b4 Rd8 29. Qc3 Rc8 30. Qb2 Bxc4 31. Bxc4 Qxc4 32. Rd1 Rc7 33. Qe5 Qc6 34. Rd8
Rd7 35. Rc3 Qd6 36. Rxd7+ Qxd7 37. Rc7 1-0

[Event "XIII Open"]
[Site "Crema ITA"]
[Date "2011.09.03"]
[Round "3"]
[White "Madaschi, Sergio"]
[Black "Milanesi, Erminio"]
[Result "1/2-1/2"]
[WhiteElo "1636"]
[BlackElo "1842"]
[PlyCount "60"]
[EventDate "2011.09.02"]

1. d4 g6 2. c4 Nh6 3. Nc3 c6 4. e4 f6 5. f3 Nf7 6. Be3 Bg7 7. Qd2 Na6 8. O-O-O
d6 9. Bd3 e6 10. Nge2 Bd7 11. h4 Qe7 12. g4 Nc7 13. g5 O-O-O 14. Rdg1 Kb8 15.
Qc2 f5 16. Qb3 c5 17. Rd1 f4 18. Bf2 cxd4 19. Nxd4 Bxd4 20. Bxd4 e5 21. Bf2 Bc6
22. Qa3 b6 23. Nd5 Nxd5 24. cxd5 Bb7 25. Kb1 Rc8 26. Rc1 Rxc1+ 27. Rxc1 Rc8 28.
Rxc8+ Bxc8 29. Qc3 Qd7 30. Bf1 Qc7 1/2-1/2